|
|
|
|
| LEADER |
00000nam0a2200000 4500 |
| 001 |
373508 |
| 005 |
20231102012555.0 |
| 010 |
|
|
|b 20000 экз.
|
| 035 |
|
|
|a (RuTPU)RU\TPU\retro\30938
|
| 035 |
|
|
|a RU\TPU\book\271770
|
| 090 |
|
|
|a 373508
|
| 100 |
|
|
|a 20221216d1983 m y0rusy50 ca
|
| 101 |
0 |
|
|a rus
|
| 102 |
|
|
|a UA
|
| 105 |
|
|
|a ac z 001gy
|
| 200 |
1 |
|
|a Стихи
|f В. А. Жуковский
|g сост., предисл., и примеч. И. М. Семенко ; портр. В. А. Жуковского работы К. П. Брюллова ; худож. оформление и ил. В. С. Митченко
|
| 210 |
|
|
|a Киев
|c Днiпро
|d 1983
|
| 215 |
|
|
|a 230 с.
|c ил., портр.
|d 13 см.
|
| 300 |
|
|
|a На пер. загл. не указано.
|
| 320 |
|
|
|a Примечания: с. 213-227.
|
| 610 |
1 |
|
|a русская литература
|
| 610 |
1 |
|
|a поэзия
|
| 610 |
1 |
|
|a 19 век
|
| 610 |
1 |
|
|a элегии
|
| 610 |
1 |
|
|a баллады
|
| 610 |
1 |
|
|a миниатюрные издания
|
| 675 |
|
|
|a Р1
|v 3
|
| 686 |
|
|
|a Ч611.68
|v LBC/SL-A
|2 rubbk
|
| 700 |
|
1 |
|a Жуковский
|b В. А.
|c русский поэт
|c академик Петербургской АН
|f 1783-1852
|g Василий Андреевич
|2 stltpush
|3 (RuTPU)RU\TPU\pers\1101
|9 499
|
| 702 |
|
1 |
|a Семенко
|b И. М.
|g Ирина Михайловна
|4 220
|4 080
|
| 702 |
|
1 |
|a Брюллов
|b К. П.
|c российский живописец и рисовальщик
|f 1799-1852
|g Карл Павлович
|2 stltpush
|3 (RuTPU)RU\TPU\pers\633
|4 040
|9 292
|
| 702 |
|
1 |
|a Митченко
|b В. С.
|4 440
|
| 801 |
|
1 |
|a RU
|b 63413507
|c 20140206
|
| 801 |
|
2 |
|a RU
|b 63413507
|c 20221216
|g RCR
|
| 942 |
|
|
|c BK
|